Reinforcement Learning, second edition: An Introduction (Record no. 1848637)

MARC details
000 -LEADER
fixed length control field 00347 a2200133 4500
000 - LEADER
fixed length control field nam a22 7a 4500
005 - DATE AND TIME OF LATEST TRANSACTION
control field 20260429123205.0
020 ## - INTERNATIONAL STANDARD BOOK NUMBER
International Standard Book Number 9780262039246
100 ## - MAIN ENTRY--PERSONAL NAME
Personal name Richard S. Sutton
9 (RLIN) 1235983
245 ## - TITLE STATEMENT
Title Reinforcement Learning, second edition: An Introduction
250 ## - EDITION STATEMENT
Edition statement 2nd
260 ## - PUBLICATION, DISTRIBUTION, ETC.
Name of publisher, distributor, etc. The MIT Press
Date of publication, distribution, etc. 2018
942 ## - ADDED ENTRY ELEMENTS (KOHA)
Koha item type Textual
Holdings
Withdrawn status Lost status Source of classification or shelving scheme Damaged status Not for loan Home library Current library Date acquired Source of acquisition Cost, normal purchase price Inventory number Total Checkouts Barcode Date last seen Cost, replacement price Price effective from Koha item type
    Colon Classification (CC)   Ordered South Campus Library South Campus Library 2026-04-29 53 7724.64 123 & 29/01/2026   SC1809809 2026-04-29 11035.20 2026-04-29 Textual
    Colon Classification (CC)   Ordered South Campus Library South Campus Library 2026-04-29 53 7724.64 123 & 29/01/2026   SC1809810 2026-04-29 11035.20 2026-04-29 Textual
Copyright @ Delhi University Library System